| 000 | 00399nam a2200169Ia 4500 | ||
|---|---|---|---|
| 001 | 22455 | ||
| 003 | GE_BSU | ||
| 008 | 181216s||||||||xx |||||||||||||| ||und|| | ||
| 040 | _cGE_BSU | ||
| 245 | 4 | _aThe review of politics. Vol. 80 #1 | |
| 245 | _cEditor Ruth Abbey | ||
| 260 | _aCambridge | ||
| 260 | _c2018 | ||
| 300 | _a195p. 23 cm. | ||
| 653 | _aThe review of politics. Vol. 80 #1 | ||
| 942 | _cCR | ||
| 999 |
_c55377 _d55377 |
||